000
00299nam a22001457a 4500
008
221117b ||||| |||| 00| 0 eng d
020
_a
9781622540181
041
_a
eng
080
_a
004
082
_a
004OPT
100
_a
18
101
_a
SHKP
245
_a
ICD-10-PCS
_c
OPTUM
942
_2
udc
_c
BK
999
_c
58928
_d
58928